Normal view
MARC view
- بيسك (لغة برمجة حاسوب إلكتروني)
Entry Topical Term
001 - CONTROL NUMBER
- control field: 45783
003 - CONTROL NUMBER IDENTIFIER
- control field: JO-AjAnu
005 - DATE AND TIME OF LATEST TRANSACTION
- control field: 20230606081554.0
008 - FIXED-LENGTH DATA ELEMENTS
- fixed length control field: 230606|| aca||aabn | a|a d
040 ## - CATALOGING SOURCE
- Original cataloging agency: JO-AjAnu
- Transcribing agency: JO-AjAnu
150 ## - HEADING--TOPICAL TERM
- Topical term or geographic name entry element: بيسك (لغة برمجة حاسوب إلكتروني)
670 ## - SOURCE DATA FOUND
- Source citation: Work cat.: (JO-AjAnu)23438: منصور، عوض, author 45782, برمجة الحاسبات الالكترونية بلغة بيسك